ბათუმის შოთა რუსთაველის სახელმწიფო უნივერსიტეტის ბიბლიოთეკა

საქართველოს სსრ სახალხო მეურნეობა სსრკ 50 წლისთავზე : (ბიბ.ჩანაწერი № 63799)

000 -ლიდერი
ფიქსირებული სიგრძის საკონტროლო ველი 01096nam a2200193 4500
003 - საკონტროლო ნომრის იდენტიფიკატორი
საკონტროლო ველი Ge_BSU
005 - ბოლო ოპერაციის თარიღი და დრო
საკონტროლო ველი 20260115204834.0
008 - ფიქსირებული სიგრძის მონაცემთა ელემენტები - ზოგადი ინფორმაცია
ფიქსირებული სიგრძის საკონტროლო ველი 260115s1972 ge ||||| |||| 00| 0 geo d
041 ## - ენის კოდი
Language code of text/sound track or separate title geo
080 ## - უნივერსალური ათობითი კლასიფიკაციის ინდექსი
Universal Decimal Classification number 31:338(479.22)(058) ს-32
245 ## - ცნობა სათაურის შესახებ
Title საქართველოს სსრ სახალხო მეურნეობა სსრკ 50 წლისთავზე :
Remainder of title სტატისტიკური წელიწდეული /
Statement of responsibility, etc საქ. სსრ მინ. საბჭოსთან არსებული ცენტრალური სტატისტიკური სამმართველო.
264 ## - წარმოების, გამოცემის, დისტრიბუციის და სხვა ცნობები
გამოცემის, წარმოების, დისტრიბუციის... ადგილი თბ.,
გამოცემის, წარმოების, დისტრიბუციის... თარიღი 1972.
300 ## - ფიზიკური აღწერა
Extent 384 გვ. ;
Other physical details 22 სმ.
500 ## - ზოგადი შენიშვნა
General note ტექსტი ქართულ და რუსულ ენაზე.
501 ## - შენიშვნა თანმხლებ მასალაზე
With note თავფურცელი ქართულ და რუსულ ენაზე.
653 ## - INDEX TERM--UNCONTROLLED
Uncontrolled term საქართველოს სახალხო მეურნეობა
653 ## - INDEX TERM--UNCONTROLLED
Uncontrolled term სტატისტიკა
942 ## - ADDED ENTRY ELEMENTS (KOHA)
Source of classification or shelving scheme
Koha item type წიგნი
ეგზემპლარები
ჩამოწერის სტატუსი დაკარგული ეგზემპლარის სტატუსი კლასიფიკაციის წყარო ან თაროზე გაწყობის სქემა დაზიანების სტატუსი არ გაიცემა მუდმივი მდებარეობა (დაცვის ადგილი) ამჟამინდელი ადგილსამყოფელი თაროზე განთავსების ადგილი შეძენის თარიღი ღირებულება, შესყიდვის ნორმალური ფასი სრული შენახვის შიფრი შტრიხკოდი ბოლო ოპერაციის თარიღი ეგზემპლარის მიმდევრობითი ნომერი (კეტერი?) ფასის ძალაში შესვლის თარიღი ეგზემპლარის სახეობა საჯარო შენიშვნა
          ბათუმის შოთა რუსთაველის სახელმწიფო უნივერსიტეტის მთავარი ბიბლიოთეკა ბათუმის შოთა რუსთაველის სახელმწიფო უნივერსიტეტის მთავარი ბიბლიოთეკა წიგნსაცავი 2026-01-15 3.52 31:338(479.22)(058) ს-32 73460 2026-01-15 73460 2026-01-15 წიგნი 3 ლ. 52 თ.